| 000 | 00426nam a22001817a 4500 | ||
|---|---|---|---|
| 005 | 20230926114743.0 | ||
| 008 | 230926b |||||||| |||| 00| 0 eng d | ||
| 020 | _a02010675444 | ||
| 082 |
_a519.5 _bSKA-E |
||
| 100 | _aSkane donna H. | ||
| 245 | _aElementary statistics | ||
| 260 |
_aCanada _bWesley _c1985 |
||
| 300 | _a414 | ||
| 500 | _aInclude Index | ||
| 650 | _aStatistics | ||
| 700 | _aDonna h.Skane | ||
| 999 |
_c33705 _d33705 |
||